Les mots américains / (Record no. 129859)

MARC details
000 -LEADER
campo de control de longitud fija 00748nam a2200241 i 4500
001 - NÚMERO DE CONTROL
campo de control 129859
003 - IDENTIFICADOR DE NÚMERO DE CONTROL
campo de control ES-MaACL
005 - FECHA Y HORA DE LA ÚLTIMA TRANSACCIÓN
campo de control 20250710062729.0
007 - CAMPO FIJO DE DESCRIPCIÓN FÍSICA--INFORMACIÓN GENERAL
campo de control de longitud fija t|
008 - DATOS DE LONGITUD FIJA--INFORMACIÓN GENERAL
campo de control de longitud fija 070709s1976 fr ||||1| fre d
080 ## - NÚMERO DE LA CLASIFICACIÓN DECIMAL UNIVERSAL
Número de la Clasificación Decimal Universal 811.111-087(7/8)-3
100 1# - ENTRADA PRINCIPAL--NOMBRE DE PERSONA
Nombre de persona Forgue, Guy Jean.
9 (RLIN) 51743
245 14 - MENCIÓN DEL TÍTULO
Título Les mots américains /
Mención de responsabilidad, etc. Guy Jean Forgue.
250 ## - MENCION DE EDICION
Mención de edición 1 re éd.
260 ## - PUBLICACIÓN, DISTRIBUCIÓN, ETC.
Lugar de publicación, distribución, etc. Paris :
Nombre del editor, distribuidor, etc. Presses Universitaires de France,
Fecha de publicación, distribución, etc. [1976]
300 ## - DESCRIPCIÓN FÍSICA
Extensión 125 p. ;
Dimensiones 18 cm.
490 1# - MENCIÓN DE SERIE
Mención de serie Que sais-je?. Collection Encyclopédique ;
Designación de volumen o secuencia 1660
500 ## - NOTA GENERAL
Nota general Biblioteca Jacinto Martínez Lacalle.
650 14 - PUNTO DE ACCESO ADICIONAL DE MATERIA--TÉRMINO DE MATERIA
Término de materia o nombre geográfico como elemento de entrada Lengua inglesa-
Subdivisión general Americanismos.
9 (RLIN) 14267
830 00 - PUNTO DE ACCESO ADICIONAL DE SERIE-TÍTULO UNIFORME
Título uniforme Que sais-je?
Designación de volumen o secuencia 1660
9 (RLIN) 180931
852 ## - LOCALIZACIÓN
Ubicación ES-MaACL
Número de control de estantería E-11853
Sublocalización o colección R.139803
Holdings
Estatus retirado Estado de pérdida Estado de daño No para préstamo Biblioteca de origen Biblioteca actual Ubicación en estantería Fecha de adquisición Fuente de adquisición Total de préstamos Signatura topográfica completa Código de barras Visto por última vez Precio de reemplazo Tipo de ítem Koha
        Biblioteca del Ateneo de Madrid Biblioteca del Ateneo de Madrid Depósito 2 17/01/2008     E-11853 1135219 23/02/2023 23/02/2023 Libro impreso